00260nam a2200109Ia 4500008004100000245003500041260002200076440000600098521002200104942000700126999001700133140130s9999 xx 000 0 und d cDickens, CharlesaOliver twist bScholastic,c2007 v1 aGrade 5 - Grade 8 cBK c41328d41328